000 01014nam0a22002771 4500
001 rc\3194230
005 20250530100727.0
021 _aRU
_b[76-63859]
035 _a(NLR Aleph) 007352433
090 _a6223029
_c6223029
100 _a20120628d1976 |||y0rusy50 ca
101 0 _arus
102 _aRU
105 _ay z |||||
200 1 _aБольшевистская партия в период реакции (1907-1910 гг.)
_fА.Н. Максимов
210 _aМосква
_cПолитиздат
_d1976
215 _a87 с.
_d20
225 1 _aКонсультации по истории КПСС
532 1 1 _aБольшевистская партия в период реакции тысяча девятьсот седьмой -1910 гг.
601 0 2 _aКПСС
_xИстория
_z1907-1910
_2psbo
700 1 _aМаксимов
_bА.Н.
_gАлександр Николаевич
801 0 _aRU
_bNLR
_gpsbo
801 1 _aRU
_bELAR
_2rusmarc
852 _aNLR
_j77-4/1563
942 _cBOOK
980 _aNB